[Event "AUTO-INT-3667"]
[Site "http://www.queenalice.com/game.php?id=1758509"]
[Date "2021.5.4"]
[Round "1"]
[White "KAXY"]
[Black "belzinha"]
[Result "0-1"]
[WhiteElo "1603"]
[BlackElo "1406"]

1. d4 d5 2. e3 Nf6 3. Nf3 Bf5 4. Bd3 e6 5. Bd2 Nc6 6. Bb5 a6 7. Bxc6+ bxc6 8.
Nc3 Bd6 9. Qe2 Bxc2 10. O-O Ne4 0-1

[Event "AUTO-INT-3667"]
[Site "http://www.queenalice.com/game.php?id=1758522"]
[Date "2021.5.4"]
[Round "1"]
[White "belzinha"]
[Black "saturnin"]
[Result "1-0"]
[WhiteElo "1534"]
[BlackElo "1513"]

1. e4 d6 2. d4 b6 3. Bb5+ Bd7 4. Nc3 a6 5. Ba4 b5 6. Bb3 e6 7. Nf3 a5 8. a4 b4
9. Nb5 Nf6 10. O-O Nxe4 11. Re1 d5 12. Ne5 Bxb5 13. axb5 Bd6 14. Nc6 Qd7 15. Ba4
Nxc6 16. bxc6 Qe7 17. b3 Nc3 18. Qd3 O-O 19. Bd2 Nxa4 20. Rxa4 Ra7 21. c3 bxc3
22. Bxc3 Rfa8 23. h3 g6 24. f4 Bxf4 25. Qf3 Qd6 26. Bb2 Bh2+ 27. Kf2 Qxc6 28.
Rc1 Qb6 29. g3 Rb8 30. Rc3 c6 31. Kg2 Bxg3 32. Qxg3 Rc8 33. Ba3 Kg7 34. Bc5 Qb5
35. Bxa7 Qe2+ 36. Qf2 Qa6 37. Bc5 f5 38. Bd6 h6 39. Be5+ Kh7 40. Rc5 Qd3 41.
Raxa5 Qxb3 42. Ra7+ Kg8 43. Rca5 Qd3 44. Rg7+ Kf8 45. Raa7 g5 46. Rh7 Qe4+ 47.
Qf3 1-0

[Event "AUTO-INT-3667"]
[Site "http://www.queenalice.com/game.php?id=1758527"]
[Date "2021.5.4"]
[Round "1"]
[White "Prosperidade"]
[Black "belzinha"]
[Result "0-1"]
[WhiteElo "1806"]
[BlackElo "1517"]

1. Nf3 d5 2. d4 Nf6 3. c4 dxc4 4. Nc3 h6 5. e4 e6 6. a3 Nc6 7. Bxc4 Be7 8. O-O
Nd7 9. Bf4 O-O 10. Bb3 Bf6 11. Re1 e5 12. dxe5 Ndxe5 13. Nxe5 Qxd1 14. Raxd1
Nxe5 15. Nd5 Bg4 16. Rd2 c6 17. Nxf6+ gxf6 18. Bxh6 Rfd8 19. Rxd8+ Rxd8 20. f3
Be6 21. Bxe6 fxe6 22. Rc1 Nd3 23. Rd1 Kh7 24. Be3 b6 25. Kf1 c5 26. Ke2 c4 27.
Rd2 e5 28. g4 Nc1+ 29. Kf1 Rd3 0-1

[Event "AUTO-INT-3667"]
[Site "http://www.queenalice.com/game.php?id=1758528"]
[Date "2021.5.4"]
[Round "1"]
[White "belzinha"]
[Black "Prosperidade"]
[Result "1-0"]
[WhiteElo "1423"]
[BlackElo "1672"]

1. e4 e5 2. Nc3 a6 3. Nf3 d6 4. Bc4 h6 5. d3 Nf6 6. Nd5 Nbd7 7. O-O c6 8. Nxf6+
Nxf6 9. h3 a5 10. a4 Be7 11. b3 O-O 12. Be3 c5 13. Bb5 Bd7 14. Bxd7 Qxd7 15. c4
b6 16. Nh4 Nh7 17. Nf5 Bd8 18. Qg4 1-0

[Event "Invitation"]
[Site "http://www.queenalice.com/game.php?id=1759013"]
[Date "2021.5.9"]
[Round "-"]
[White "belzinha"]
[Black "eloy"]
[Result "1-0"]
[WhiteElo "1469"]
[BlackElo "1696"]

1. e4 e5 2. Nf3 Nc6 3. Nc3 Nf6 4. Bc4 Na5 5. b3 Nxc4 6. bxc4 Bd6 7. d3 h6 8. h4
Nh5 9. g3 O-O 10. Be3 c6 11. g4 Nf4 12. Bxf4 exf4 13. O-O Be7 14. Ne2 Bxh4 15.
Nxf4 d6 16. Nxh4 Qxh4 17. f3 Qg3+ 18. Ng2 h5 19. Qe1 1-0

[Event "Invitation"]
[Site "http://www.queenalice.com/game.php?id=1759014"]
[Date "2021.5.9"]
[Round "-"]
[White "belzinha"]
[Black "eloy"]
[Result "1-0"]
[WhiteElo "1442"]
[BlackElo "1723"]

1. e4 e5 2. Nf3 Nc6 3. Nc3 Bc5 4. Bc4 h6 5. O-O Nf6 6. a3 d5 7. Nxd5 Be6 8. d3
Nxd5 9. exd5 Bxd5 10. Be3 Bxf3 11. gxf3 Bxe3 12. fxe3 O-O 13. e4 Nd4 14. c3 Nc6
15. Rf2 a6 16. Bd5 Qg5+ 17. Kf1 Nd8 18. b4 1-0

[Event "Invitation"]
[Site "http://www.queenalice.com/game.php?id=1759015"]
[Date "2021.5.9"]
[Round "-"]
[White "belzinha"]
[Black "eloy"]
[Result "1-0"]
[WhiteElo "1494"]
[BlackElo "1671"]

1. e4 e5 2. Nf3 Nc6 3. Nc3 Nf6 4. Bc4 h6 5. h3 a6 6. a3 Bc5 7. d3 O-O 8. Nd5
Nxd5 9. exd5 Ne7 10. Nxe5 d6 11. Nf3 b5 12. Bb3 Nf5 13. g4 Nd4 14. Be3 Nxb3 15.
cxb3 Qe8 16. b4 Bxe3 17. fxe3 Qxe3+ 18. Qe2 1-0

[Event "Invitation"]
[Site "http://www.queenalice.com/game.php?id=1759016"]
[Date "2021.5.9"]
[Round "-"]
[White "belzinha"]
[Black "eloy"]
[Result "0-1"]
[WhiteElo "1435"]
[BlackElo "1718"]

1. e4 e5 2. Nf3 Nc6 3. Nc3 Nf6 4. Bd3 Bc5 5. h3 d5 6. exd5 Nxd5 7. Nxd5 Qxd5 8.
b3 O-O 9. Ng5 h6 10. Ne4 Bf5 11. Nc3 Qxg2 12. Ke2 Qxf2# 0-1

[Event "AUTO-INT-3691"]
[Site "http://www.queenalice.com/game.php?id=1766493"]
[Date "2021.8.8"]
[Round "1"]
[White "belzinha"]
[Black "Lucasbarbaruiva"]
[Result "0-1"]
[WhiteElo "1556"]
[BlackElo "1650"]

1. e4 e5 2. Nf3 d6 3. Bc4 Bg4 4. h3 Bxf3 5. Qxf3 Qf6 6. Nc3 Qxf3 7. gxf3 Nf6 8.
a3 Be7 9. d3 O-O 10. Nd5 Nxd5 11. Bxd5 c6 12. Bb3 Na6 13. O-O Nc5 14. Be3 Nxb3
15. cxb3 a6 16. b4 b5 17. Rfc1 Rfc8 18. f4 Bf6 19. f5 a5 20. Bd2 axb4 21. Bxb4
Be7 22. Rf1 c5 23. Bd2 b4 24. axb4 Rxa1 25. Rxa1 g6 0-1

[Event "AUTO-INT-3691"]
[Site "http://www.queenalice.com/game.php?id=1766494"]
[Date "2021.8.8"]
[Round "1"]
[White "Lucasbarbaruiva"]
[Black "belzinha"]
[Result "1-0"]
[WhiteElo "1637"]
[BlackElo "1569"]

1. d4 d5 2. e3 Nf6 3. g3 Bf5 4. Bd3 Bxd3 5. cxd3 e6 6. Nf3 h6 7. Bd2 Nc6 8. O-O
Bd6 9. e4 dxe4 10. dxe4 Nxe4 11. Be3 O-O 12. Nc3 Nxc3 13. bxc3 f5 14. c4 b6 15.
a4 f4 16. Bxf4 Bxf4 17. gxf4 Rxf4 18. Ne5 Nxe5 19. dxe5 Qg5+ 20. Kh1 Rxc4 21.
Qe2 Rh4 22. Rg1 Qf4 23. Rg2 Qe4 24. Qxe4 Rxe4 25. Rag1 1-0

[Event "AUTO-INT-3691"]
[Site "http://www.queenalice.com/game.php?id=1766495"]
[Date "2021.8.8"]
[Round "1"]
[White "belzinha"]
[Black "slowcheetah"]
[Result "0-1"]
[WhiteElo "1484"]
[BlackElo "1486"]

1. e4 e5 2. Nc3 d6 3. Nf3 Nc6 4. Bc4 Nd4 5. d3 f5 6. Bg5 Ne7 7. h3 h6 8. Bxe7
Bxe7 9. O-O fxe4 10. dxe4 Bf6 11. Nd5 Bd7 12. c3 Nxf3+ 13. Qxf3 Rf8 14. Qh5+ Rf7
15. Nxc7+ Qxc7 16. Qxf7+ Kd8 17. Be6 Be7 18. Qg8+ Be8 19. Qxg7 h5 20. Rad1 b6
21. Bd5 Qd7 22. Bxa8 Qb5 23. b4 Qc4 24. Bd5 Qxc3 25. Rc1 Qxb4 0-1

[Event "AUTO-INT-3691"]
[Site "http://www.queenalice.com/game.php?id=1766496"]
[Date "2021.8.8"]
[Round "1"]
[White "slowcheetah"]
[Black "belzinha"]
[Result "1-0"]
[WhiteElo "1502"]
[BlackElo "1468"]

1. d4 d5 2. c4 Nf6 3. Nc3 Bf5 4. b3 e6 5. e3 Bb4 6. Bd2 Bxc3 7. Bxc3 Nc6 8. c5
Ne4 9. Qd3 Nxf2 10. Qb5 Nxh1 11. Qxb7 Ne7 12. Ba5 O-O 13. Bb5 Qb8 14. c6 Be4 15.
Bxc7 Qc8 16. Bd6 Qxb7 17. cxb7 Rad8 18. Bxe7 Rb8 19. Bxf8 Kxf8 20. Bc6 Ke7 21.
Rc1 g5 22. a4 Bxg2 23. b4 e5 24. Rc2 Kd6 25. b5 Kc7 26. Rxg2 1-0

[Event "Invitation"]
[Site "http://www.queenalice.com/game.php?id=1769766"]
[Date "2021.9.13"]
[Round "-"]
[White "eloy"]
[Black "belzinha"]
[Result "1-0"]
[WhiteElo "1555"]
[BlackElo "1453"]

1. e4 e5 2. Nf3 Nc6 3. Bc4 f6 4. c3 Bc5 5. d4 exd4 6. cxd4 Bb4+ 7. Bd2 d6 8. a3
Ba5 9. b4 Bb6 10. O-O Bg4 11. h3 Bxf3 12. Qxf3 Bxd4 13. Nc3 Ne5 14. Qe2 Qe7 15.
Rac1 O-O-O 16. Be3 Bxe3 17. Qxe3 a6 18. Nd5 Qf7 19. Nb6+ cxb6 20. Bxf7+ Kd7 21.
Bxg8 Rhxg8 22. Qxb6 Rb8 23. Qc7+ 1-0

[Event "Invitation"]
[Site "http://www.queenalice.com/game.php?id=1770702"]
[Date "2021.9.25"]
[Round "-"]
[White "belzinha"]
[Black "eloy"]
[Result "0-1"]
[WhiteElo "1422"]
[BlackElo "1668"]

1. e4 e5 2. Nf3 Nc6 3. Bc4 h6 4. d3 Nf6 5. O-O Bc5 6. a3 Ng4 7. h3 Nf6 8. Nc3
O-O 9. Be3 Bd4 10. Bxd4 exd4 11. Ne2 d6 12. Nfxd4 Nxd4 13. Nxd4 c6 14. b4 a6 15.
a4 d5 16. exd5 cxd5 17. Bb3 Qb6 18. Qd2 Qxd4 19. Rae1 Bf5 20. Qe3 Qxe3 0-1

[Event "Invitation"]
[Site "http://www.queenalice.com/game.php?id=1770703"]
[Date "2021.9.25"]
[Round "-"]
[White "eloy"]
[Black "belzinha"]
[Result "1-0"]
[WhiteElo "1660"]
[BlackElo "1545"]

1. e4 e5 2. Nf3 Nc6 3. Bc4 f6 4. c3 Bc5 5. O-O d6 6. d4 exd4 7. cxd4 Nxd4 8.
Nxd4 h6 9. Qh5+ Kd7 10. Be6+ Ke7 11. Qf7# 1-0

[Event "AUTO-INT-3710"]
[Site "http://www.queenalice.com/game.php?id=1773085"]
[Date "2021.10.24"]
[Round "1"]
[White "jsiebel"]
[Black "belzinha"]
[Result "1-0"]
[WhiteElo "1594"]
[BlackElo "1529"]

1. e4 e5 2. Nf3 Nc6 3. Nc3 Bb4 4. a3 Bxc3 5. bxc3 Nf6 6. Bd3 O-O 7. c4 d6 8. Bb2
Bg4 9. h3 Bxf3 10. gxf3 Nd4 11. Bxd4 c5 12. Bc3 h6 13. h4 Nh5 14. f4 Nxf4 15. h5
Qg5 16. a4 Qg2 17. Rf1 Nxd3+ 18. cxd3 f5 19. exf5 1-0

[Event "AUTO-INT-3710"]
[Site "http://www.queenalice.com/game.php?id=1773086"]
[Date "2021.10.24"]
[Round "1"]
[White "belzinha"]
[Black "jsiebel"]
[Result "0-1"]
[WhiteElo "1544"]
[BlackElo "1579"]

1. e4 e5 2. Nf3 Nc6 3. Bb5 Nf6 4. Nc3 a6 5. Bxc6 bxc6 6. O-O d5 7. Nxe5 Bb7 8.
d4 dxe4 9. Nxe4 Nxe4 10. Re1 f5 11. f3 Nf6 12. Nxc6+ Be7 13. Nxd8 Rxd8 14. c3
O-O 15. Rxe7 Rc8 16. Bg5 Nd5 17. Re6 Rce8 18. Rxe8 Rxe8 0-1

[Event "AUTO-INT-3710"]
[Site "http://www.queenalice.com/game.php?id=1773101"]
[Date "2021.10.24"]
[Round "1"]
[White "Biagio"]
[Black "belzinha"]
[Result "1-0"]
[WhiteElo "1517"]
[BlackElo "1499"]

1. Nf3 Nc6 2. d4 d5 3. Bf4 f6 4. e3 Bf5 5. c4 e6 6. cxd5 exd5 7. Nc3 Bb4 8. Bd3
Nge7 9. Bxf5 Nxf5 10. O-O O-O 11. Rc1 a6 12. Qb3 Bxc3 13. Rxc3 1-0

[Event "AUTO-INT-3710"]
[Site "http://www.queenalice.com/game.php?id=1773102"]
[Date "2021.10.24"]
[Round "1"]
[White "belzinha"]
[Black "Biagio"]
[Result "0-1"]
[WhiteElo "1516"]
[BlackElo "1500"]

1. e4 c6 2. Nf3 d5 3. Nc3 Bg4 4. h3 Bxf3 5. Qxf3 e6 6. Bd3 Nd7 7. O-O Ngf6 8.
exd5 cxd5 9. Re1 Be7 10. Bb5 O-O 11. d4 a6 12. Bxd7 Qxd7 0-1

[Event "AUTO-INT-3710"]
[Site "http://www.queenalice.com/game.php?id=1773111"]
[Date "2021.10.24"]
[Round "1"]
[White "Wilson"]
[Black "belzinha"]
[Result "1-0"]
[WhiteElo "1591"]
[BlackElo "1441"]

1. Nf3 Nc6 2. d4 d5 3. e3 Nf6 4. Be2 h6 5. O-O Bf5 6. Nh4 e6 7. Nxf5 exf5 8. a3
Bd6 9. Nd2 O-O 10. c4 dxc4 11. Bxc4 Ne4 12. Nxe4 fxe4 13. Bd2 Qh4 14. g3 Qf6 15.
a4 1-0

[Event "AUTO-INT-3710"]
[Site "http://www.queenalice.com/game.php?id=1773112"]
[Date "2021.10.24"]
[Round "1"]
[White "belzinha"]
[Black "Wilson"]
[Result "0-1"]
[WhiteElo "1431"]
[BlackElo "1601"]

1. e4 e5 2. Nc3 Nf6 3. Nf3 Bb4 4. Nxe5 O-O 5. Bc4 d5 6. Bxd5 Nxe4 7. Bxe4 Qd4 8.
Nf3 Qf6 9. a3 Ba5 10. b4 Bb6 11. Bb2 Bg4 12. Bxb7 Qe6+ 13. Qe2 Qxe2+ 0-1